[Event "Ostsjaellands EMT 2006"]
[Site "Faxe"]
[Date "2006.04.26"]
[Round "6"]
[White "Hansen, Egon"]
[Black "Christoffersen, Per"]
[Result "0-1"]
[WhiteElo "1541"]
[BlackElo "1511"]
[PlyCount "95"]
[EventDate "2006.??.??"]

1. d4 d5 2. Nf3 Nf6 3. Bg5 Bf5 4. Bxf6 gxf6 5. e3 Bg7 6. Bd3 Bg6 7. Nc3 c6 8.
O-O e5 9. Bxg6 hxg6 10. e4 dxe4 11. Nxe4 f5 12. Nc3 e4 13. Ne5 Qh4 14. h3 Qg5
15. f4 Qg3 16. Qe1 Rxh3 17. Qxg3 Rxg3 18. Rae1 Bxe5 19. fxe5 Nd7 20. Kf2 Rg4
21. Rh1 O-O-O 22. Rh7 Rf8 23. Nd1 e3+ 24. Kxe3 Re4+ 25. Kf2 Rxd4 26. e6 fxe6
27. Rxe6 Rxd1 28. Ke2 Rd4 29. Rxg6 Re8+ 30. Kf1 Rd2 31. Rgg7 Rd8 32. Re7 Rxc2
33. Re2 Rxe2 34. Kxe2 Kc7 35. Rf7 Rf8 36. Rg7 Kd6 37. Kf3 Ke6 38. Kf4 Rf7 39.
Rxf7 Kxf7 40. Kxf5 b5 41. Ke4 Ke6 42. b4 c5 43. a3 c4 44. Kd4 Kd6 45. a4 a6 46.
g3 Ne5 47. a5 Nd3 48. Kc3 0-1

[Event "Ostsjaellands EMT 2006"]
[Site "Faxe"]
[Date "2006.04.26"]
[Round "6"]
[White "Nielsen, Poul Erik2"]
[Black "Toftvang, Ove"]
[Result "0-1"]
[WhiteElo "1241"]
[BlackElo "1257"]
[PlyCount "120"]
[EventDate "2006.??.??"]

1. Nf3 f5 2. d4 d5 3. c4 e6 4. a3 Nf6 5. Bg5 Be7 6. Nc3 c6 7. e3 O-O 8. Be2 b6
9. Rc1 Bb7 10. O-O Nbd7 11. cxd5 exd5 12. Bf4 Rc8 13. b4 a6 14. h3 b5 15. Rc2
Nb6 16. Ne5 Nc4 17. Nxc4 bxc4 18. Re1 Ne4 19. f3 Nxc3 20. Rxc3 Bh4 21. Rf1 Ra8
22. e4 Bg5 23. Bh2 f4 24. e5 Bh4 25. Qd2 Qg5 26. Bd1 Bc8 27. Kh1 Bg3 28. Bxg3
Qxg3 29. Qf2 Qg5 30. Re1 Be6 31. a4 Rab8 32. b5 cxb5 33. axb5 Rxb5 34. Ra3 Rb6
35. Bc2 Rfb8 36. Ra2 Bf5 37. Bxf5 Qxf5 38. Rae2 Re6 39. Ra2 c3 40. Rc2 Rb3 41.
Rec1 Rc6 42. Qe1 Qd7 43. Rxc3 Rbxc3 44. Rxc3 Re6 45. Qc1 Qf7 46. Rc8+ Re8 47.
Qc6 Rxc8 48. Qxc8+ Qf8 49. Qxa6 h6 50. Qd6 Qxd6 51. exd6 Kf8 52. Kh2 g5 53. g3
Ke8 54. gxf4 gxf4 55. h4 Kd7 56. Kh3 h5 57. Kg2 Kxd6 58. Kf2 Kc6 59. Ke2 Kb5
60. Kd3 Kb4 0-1

[Event "Ostsjaellands EMT 2006"]
[Site "Faxe"]
[Date "2006.04.26"]
[Round "6"]
[White "Christoffersen, Ib"]
[Black "Sorensen, Soren"]
[Result "0-1"]
[WhiteElo "1382"]
[BlackElo "1736"]
[PlyCount "79"]
[EventDate "2006.??.??"]

1. d4 d5 2. Nf3 Nf6 3. Nc3 e6 4. a3 Be7 5. e3 O-O 6. Bd3 b6 7. e4 dxe4 8. Nxe4
Bb7 9. Nxf6+ Bxf6 10. c3 Nd7 11. Bf4 Re8 12. O-O e5 13. dxe5 Nxe5 14. Be2 Ng6
15. Bg3 c5 16. Re1 Qc8 17. Bb5 Rd8 18. Qc2 a6 19. Bd3 Bc6 20. Re3 Qb7 21. Rae1
b5 22. Be4 Nf8 23. Bh4 Bxh4 24. Nxh4 g6 25. Nf3 Ne6 26. Ne5 Bxe4 27. Rxe4 Rd6
28. Ng4 Rad8 29. Qc1 h5 30. Ne5 Qxe4 31. Nf3 Qa4 32. Qe3 Rd1 33. h3 Rxe1+ 34.
Nxe1 Rd1 35. Kh2 Qf4+ 36. Qxf4 Nxf4 37. Nf3 Nd3 38. b3 Nxf2 39. Kg3 Ne4+ 40.
Kf4 0-1

[Event "Ostsjaellands EMT 2006"]
[Site "Faxe"]
[Date "2006.04.26"]
[Round "6"]
[White "Hansen, Knud"]
[Black "Jensen, Leif"]
[Result "1/2-1/2"]
[WhiteElo "1650"]
[BlackElo "2014"]
[PlyCount "112"]
[EventDate "2006.??.??"]

1. e4 e6 2. d3 d5 3. exd5 exd5 4. g3 Bd6 5. Bg2 c6 6. Nf3 Nf6 7. O-O O-O 8. Nc3
Bg4 9. Be3 Nbd7 10. Qd2 Bc7 11. Ne2 Re8 12. h3 Bxf3 13. Bxf3 Ne5 14. Bg2 Qd7
15. Bf4 Ng6 16. Bxc7 Qxc7 17. Nd4 Qd7 18. Kh2 Re7 19. Rae1 Rae8 20. Nf3 Ne5 21.
Nxe5 Rxe5 22. Rxe5 Rxe5 23. Re1 Qe7 24. Rxe5 Qxe5 25. c3 d4 26. c4 Qe7 27. b4
h6 28. Kg1 Nd7 29. Kf1 Kf8 30. Bf3 c5 31. b5 b6 32. a4 Ne5 33. Bg2 Qe6 34. Qe2
Qf5 35. Qe4 Qxe4 36. Bxe4 Ke7 37. f4 Nd7 38. Ke2 g6 39. g4 Kf6 40. Bc6 Nf8 41.
Kf3 g5 42. Ke4 gxf4 43. Kxf4 Ne6+ 44. Kg3 Ke5 45. Bg2 Nf4 46. Bf1 f5 47. gxf5
Kxf5 48. Kf3 h5 49. Kg3 Ng6 50. h4 Nf4 51. Kf3 Ng6 52. Kg3 Ke5 53. Be2 Nf4 54.
Bf1 Kf5 55. Kf3 Ng6 56. Kg3 Nf4 1/2-1/2

[Event "Ostsjaellands EMT 2006"]
[Site "Faxe"]
[Date "2006.04.26"]
[Round "6"]
[White "Pedersen, Bjarne G W"]
[Black "Nesheim, Erik"]
[Result "0-1"]
[WhiteElo "1072"]
[BlackElo "1223"]
[PlyCount "152"]
[EventDate "2006.??.??"]

1. d4 b6 2. e4 Bb7 3. Bd3 e6 4. Nc3 a6 5. Nf3 h6 6. O-O Ne7 7. Re1 d6 8. b3 g6
9. Ne2 Bg7 10. Rb1 g5 11. c4 Ng6 12. Ng3 g4 13. Nh5 Bf8 14. Nd2 Qh4 15. Ng3 Nf4
16. Ndf1 Nxd3 17. Qxd3 Nd7 18. Bb2 Rg8 19. d5 e5 20. Nf5 Qf6 21. Qg3 Qg6 22.
Qh4 f6 23. N1g3 O-O-O 24. Bc1 Rh8 25. Qh5 Qxh5 26. Nxh5 Kb8 27. Re3 Nc5 28.
Nxf6 Bc8 29. Nxg4 Bxf5 30. exf5 h5 31. Rh3 Ne4 32. Bb2 Ng5 33. Rh4 Nf7 34. Nf6
Be7 35. Rxh5 Bxf6 36. Rxh8 Rxh8 37. f4 Nh6 38. fxe5 dxe5 39. Re1 Re8 40. Bc1
Rh8 41. Re3 Bg5 42. Re1 Bxc1 43. Rxc1 Nxf5 44. a4 Nd4 45. Re1 Re8 46. b4 Nc2
47. Rb1 e4 48. Kf2 e3+ 49. Ke2 Nd4+ 50. Ke1 e2 51. Kd2 Nb3+ 52. Ke1 Nd4 53. a5
Rf8 54. Kd2 Rf1 55. Re1 Rf8 56. Kd3 Rf1 57. Kd2 Kc8 58. h4 Rf6 59. h5 Rh6 60.
Kd3 Nb3 61. Kxe2 bxa5 62. bxa5 Rxh5 63. Rb1 Nxa5 64. Kd3 Nb7 65. g4 Rg5 66. Rg1
Kd7 67. Kd4 Kd6 68. Ke4 Nc5+ 69. Kf4 Rg8 70. Kf5 a5 71. g5 a4 72. Kf6 Ne4+ 73.
Kf5 Rxg5+ 74. Kxe4 Rxg1 75. Kd4 Rc1 76. Kd3 a3 0-1

[Event "Ostsjaellands EMT 2006"]
[Site "Faxe"]
[Date "2006.04.26"]
[Round "6"]
[White "Refsgaard, Kaj"]
[Black "Andersen, Bjarne Hjorth"]
[Result "0-1"]
[WhiteElo "1785"]
[BlackElo "1783"]
[PlyCount "154"]
[EventDate "2006.??.??"]

1. d4 Nf6 2. Bg5 e6 3. e3 c5 4. c3 cxd4 5. exd4 d5 6. Bd3 Be7 7. Nf3 Nc6 8. O-O
Bd7 9. Nbd2 Rc8 10. b4 a6 11. Qe2 O-O 12. Rfc1 h6 13. Bh4 Na7 14. a4 Qe8 15.
Ne5 Bxa4 16. Qf3 Bc6 17. Nxc6 Qxc6 18. Nb3 Rfe8 19. Nc5 Nd7 20. Bg3 Nxc5 21.
bxc5 Nb5 22. Bf4 Bf8 23. Rab1 b6 24. cxb6 Qxb6 25. Qe2 Qa5 26. Bxb5 axb5 27.
Rxb5 Qa3 28. Qd3 Rc4 29. g3 Rec8 30. Bd2 Be7 31. Rcb1 Qa8 32. R1b3 Ra4 33. Rb7
Ra7 34. R7b5 Bd6 35. Qf3 Ra3 36. Rb7 Rf8 37. R3b6 Ra6 38. Qg4 Kh7 39. Rb5 Ra7
40. Rxa7 Qxa7 41. Qf3 Kg8 42. Qd3 Rb8 43. Qb1 Rxb5 44. Qxb5 Qb8 45. Qa4 Kf8 46.
Qa2 Qb5 47. Bc1 Kg8 48. Kg2 Qd3 49. Qd2 Qxd2 50. Bxd2 h5 51. Kf3 Kh7 52. Ke2
Kg6 53. Kd3 Kf5 54. h3 g6 55. Be3 g5 56. Bd2 f6 57. Be1 e5 58. f3 g4 59. fxg4+
hxg4 60. h4 Bc7 61. Ke2 e4 62. Kf2 Bd6 63. Bd2 Ba3 64. h5 Bb2 65. Ke2 Ba3 66.
Kd1 Bd6 67. Bf4 Bxf4 68. gxf4 Ke6 69. c4 dxc4 70. h6 g3 71. Ke2 c3 72. h7 c2
73. h8=Q c1=Q 74. Qh3+ Ke7 75. Qh7+ Kd6 76. Qxe4 Qb2+ 77. Kf1 Qf2# 0-1

[Event "Ostsjaellands EMT 2006"]
[Site "Faxe"]
[Date "2006.05.02"]
[Round "7"]
[White "Christensen, Torben"]
[Black "Lillebro, Verner"]
[Result "1-0"]
[WhiteElo "1333"]
[BlackElo "1226"]
[PlyCount "113"]
[EventDate "2006.??.??"]

1. d4 d5 2. Nf3 Nf6 3. c4 e6 4. Bf4 c5 5. e3 Nc6 6. Nc3 Nh5 7. Bg5 f6 8. Bh4 g6
9. cxd5 exd5 10. Be2 Be6 11. O-O a6 12. Ne5 Ng7 13. Nxc6 bxc6 14. Qa4 Bd7 15.
Bf3 Nf5 16. Bg3 cxd4 17. exd4 c5 18. Rfe1+ Be7 19. Qd1 cxd4 20. Nxd5 Rc8 21.
Nxf6+ Kf7 22. Nxd7 Qxd7 23. Qb3+ Kg7 24. Rad1 Bf6 25. Be4 Rhd8 26. Bd3 Nxg3 27.
hxg3 a5 28. Re4 Rc7 29. Rde1 Qd6 30. Re6 Qc5 31. Qd1 Rb7 32. b3 Re7 33. Bc4
Red7 34. Qf3 Rf8 35. Re8 Be7 36. Rxf8 Bxf8 37. Re8 Qd6 38. Qd3 Qf6 39. g4 Re7
40. Rxe7+ Bxe7 41. Qe4 Bb4 42. f3 Bc5 43. Kf1 Qe7 44. Qd5 Qf8 45. Qe5+ Kh6 46.
g5+ Kh5 47. Qh2+ Kxg5 48. Qg3+ Kh6 49. Qh4+ Kg7 50. Qe4 Qf5 51. Qb7+ Kh6 52.
Bg8 Qb1+ 53. Kf2 d3+ 54. Kg3 d2 55. Qxh7+ Kg5 56. Qh4+ Kf5 57. Qf4# 1-0

[Event "Ostsjaellands EMT 2006"]
[Site "Faxe"]
[Date "2006.05.02"]
[Round "7"]
[White "Hansen, Egon"]
[Black "Christoffersen, Ib"]
[Result "1-0"]
[WhiteElo "1541"]
[BlackElo "1382"]
[PlyCount "75"]
[EventDate "2006.??.??"]

1. e4 e5 2. d4 exd4 3. Nf3 c5 4. Bc4 f6 5. O-O Nc6 6. Bf4 Nge7 7. Re1 d6 8. c3
Bg4 9. Qb3 Na5 10. Bf7+ Kd7 11. Qb5+ Nec6 12. Nbd2 Qe7 13. Bd5 a6 14. Bxc6+
bxc6 15. Qxa5 g5 16. Bg3 h5 17. h3 Be6 18. Qb6 Rc8 19. cxd4 g4 20. d5 Bf7 21.
Nh4 gxh3 22. Nc4 Qe8 23. Qxa6 Be7 24. Nb6+ Kc7 25. Qa7+ Kd8 26. Nxc8 Kxc8 27.
Qa8+ Kd7 28. Qxc6+ Kd8 29. Qxe8+ Bxe8 30. gxh3 Bd7 31. Kh2 Rg8 32. Rg1 Kc7 33.
Rac1 Rb8 34. Rxc5+ Kb6 35. Rc3 Ra8 36. a3 Ra4 37. f3 Rd4 38. Bf2 1-0

[Event "Ostsjaellands EMT 2006"]
[Site "Faxe"]
[Date "2006.05.03"]
[Round "7"]
[White "Nielsen, Poul Erik2"]
[Black "Andersen, Hans Poul"]
[Result "0-1"]
[WhiteElo "1241"]
[BlackElo "1419"]
[PlyCount "58"]
[EventDate "2006.??.??"]

1. Nf3 d5 2. d4 Nc6 3. a3 e6 4. c4 Nf6 5. cxd5 exd5 6. Nc3 Be7 7. Bf4 a6 8. h3
h6 9. Rc1 Bd7 10. Ne5 O-O 11. Nxd7 Qxd7 12. e3 Bd6 13. Bxd6 Qxd6 14. Bd3 Rfe8
15. O-O Ne7 16. Ne2 c6 17. Nf4 Rad8 18. Qb3 Rd7 19. Rc2 Ne4 20. Rfc1 Ng6 21.
Nxg6 Qxg6 22. f3 Qg5 23. fxe4 Qxe3+ 24. Kh1 Rxe4 25. Re2 Qxc1+ 26. Kh2 Qf4+ 27.
Kg1 Rxe2 28. Bxe2 Qxd4+ 29. Kh1 Re7 0-1

[Event "Ostsjaellands EMT 2006"]
[Site "Faxe"]
[Date "2006.05.03"]
[Round "7"]
[White "Andersen, Bjarne Hjorth"]
[Black "Hansen, Knud"]
[Result "1-0"]
[WhiteElo "1783"]
[BlackElo "1650"]
[PlyCount "71"]
[EventDate "2006.??.??"]

1. e4 e6 2. d4 d5 3. Nd2 Nf6 4. e5 Nfd7 5. f4 c5 6. c3 Nc6 7. Ndf3 Nb6 8. Be3
c4 9. Ne2 Ne7 10. g4 g6 11. Ng3 Bd7 12. Qd2 Qc7 13. h4 h5 14. gxh5 gxh5 15. Ng5
Bg7 16. Be2 Nf5 17. Nxh5 Bc6 18. Nxg7+ Nxg7 19. O-O-O O-O-O 20. Rdg1 Nf5 21.
Bf2 Qe7 22. h5 Rh6 23. Bg4 Rdh8 24. Nf3 Bd7 25. Bxf5 exf5 26. Bh4 Qe8 27. Bf6
Rxh5 28. Bxh8 Qxh8 29. Qg2 Kc7 30. Rxh5 Qxh5 31. Rh1 Qg4 32. Qxg4 fxg4 33. Ng5
Be8 34. Rg1 Nd7 35. Rxg4 Nf8 36. Nxf7 1-0

[Event "Ostsjaellands EMT 2006"]
[Site "Faxe"]
[Date "2006.05.03"]
[Round "7"]
[White "Wehlast, Svend Erik"]
[Black "Refsgaard, Kaj"]
[Result "0-1"]
[WhiteElo "1516"]
[BlackElo "1785"]
[PlyCount "80"]
[EventDate "2006.??.??"]

1. d4 Nf6 2. Nf3 g6 3. b3 Bg7 4. Bb2 O-O 5. e3 d6 6. Be2 Nbd7 7. O-O c5 8. c3
b6 9. Nbd2 Bb7 10. a4 Rc8 11. Rc1 Re8 12. c4 cxd4 13. exd4 d5 14. Ne5 Nxe5 15.
dxe5 Ne4 16. cxd5 Rxc1 17. Qxc1 Bh6 18. f4 Bxd5 19. Nxe4 Bxe4 20. Bc4 e6 21.
Qe3 Qa8 22. Qe2 Rd8 23. Bc1 Bf8 24. Be3 Bd5 25. h4 Qc6 26. Rc1 Qb7 27. g3 Bf3
28. Qf2 Qe4 29. Kh2 Bg4 30. Re1 Bb4 31. Re2 Bxe2 32. Qxe2 Bc5 33. Bc1 Qd4 34.
Kh3 Qg1 35. Bd2 Qh1+ 36. Kg4 h5+ 37. Kg5 Kg7 38. f5 Qg1 39. Bf4 Bd4 40. fxe6
f6+ 0-1

[Event "Ostsjaellands EMT 2006"]
[Site "Faxe"]
[Date "2006.05.03"]
[Round "7"]
[White "Eriksen, Knud Ejler"]
[Black "Pedersen, Bjarne G W"]
[Result "0-1"]
[WhiteElo "1142"]
[BlackElo "1072"]
[PlyCount "88"]
[EventDate "2006.??.??"]

1. e4 Nc6 2. Nf3 e5 3. Bc4 Bc5 4. a3 Nf6 5. d3 O-O 6. O-O d5 7. exd5 Nxd5 8.
Bg5 Be7 9. Bxe7 Ncxe7 10. Nxe5 Nf4 11. Qf3 Qd4 12. Nc3 Qxe5 13. Rae1 Qg5 14.
Rxe7 Qxe7 15. Qxf4 c6 16. Ne4 Be6 17. Bxe6 Qxe6 18. d4 Rad8 19. c3 Rfe8 20. Nc5
Qe7 21. Qd2 Qxc5 22. Qc2 Rxd4 23. Qb3 Rd7 24. Qc2 Qb5 25. c4 Qe5 26. h3 Qe2 27.
Qc1 Rd2 28. b4 Rc2 29. Qf4 Rxc4 30. Qc7 Qe7 31. Qg3 g6 32. Qd3 Re4 33. g3 Qe6
34. Kh2 Qc4 35. Qd1 Qc3 36. Qd7 Qxa3 37. Qxb7 Rxb4 38. Qxc6 Rbe4 39. Qd5 Qa6
40. Rc1 Qf6 41. Kg2 Re2 42. Qc5 a5 43. Qc4 Qxf2+ 44. Kh1 Qg2# 0-1

[Event "Ostsjaellands EMT 2006"]
[Site "Faxe"]
[Date "2006.05.03"]
[Round "7"]
[White "Nesheim, Erik"]
[Black "Toftvang, Ove"]
[Result "0-1"]
[WhiteElo "1223"]
[BlackElo "1257"]
[PlyCount "168"]
[EventDate "2006.??.??"]

1. b3 d6 2. Bb2 e5 3. e3 f5 4. d3 Nc6 5. a3 Nf6 6. h3 Be7 7. Ne2 b6 8. g3 Be6
9. Bg2 Qd7 10. Nd2 d5 11. b4 Nd8 12. c4 c6 13. Bxe5 O-O 14. Nf4 Bf7 15. O-O Rc8
16. cxd5 cxd5 17. Bxf6 Bxf6 18. d4 Bg5 19. Rc1 Bxf4 20. gxf4 Nb7 21. Rxc8 Rxc8
22. Qb3 b5 23. Nb1 Qc6 24. Qd3 Nd6 25. Nd2 Qc3 26. Qxc3 Rxc3 27. Ra1 Nc8 28.
Kf1 Nb6 29. Ke1 Na4 30. Bf3 h6 31. Bd1 Nb2 32. Be2 a6 33. Nf3 g6 34. Kd2 Na4
35. Bd1 Rc7 36. Bxa4 bxa4 37. Ne5 Be8 38. Nd3 Kf7 39. Nc5 Bb5 40. h4 h5 41. Rc1
Ke7 42. f3 Kf6 43. Re1 Re7 44. e4 fxe4 45. fxe4 dxe4 46. Rxe4 Rxe4 47. Nxe4+
Kf5 48. Ke3 Kg4 49. d5 Kxh4 50. Kf3 Kh3 51. d6 Bc6 52. Ke3 h4 53. Nf6 Kg2 54.
d7 Bxd7 55. Nxd7 h3 56. Ne5 h2 57. Nxg6 h1=Q 58. f5 Kg3 59. Kd4 Qa1+ 60. Kd5
Qf6 61. Ke4 Kg4 62. Ne5+ Kg3 63. Ng6 Qc6+ 64. Ke5 Kg4 65. Ne7 Qc3+ 66. Ke6 Kg5
67. Kf7 Qf6+ 68. Ke8 Qh8+ 69. Kf7 Qh7+ 70. Ke8 Kf6 71. Nd5+ Kxf5 72. b5 Qg8+
73. Ke7 Qxd5 74. bxa6 Qe6+ 75. Kd8 Qxa6 76. Kc7 Ke6 77. Kb8 Qd6+ 78. Kb7 Qxa3
79. Ka6 Qd6+ 80. Kb5 a3 81. Kc4 a2 82. Kb3 Qa6 83. Kc2 a1=Q 84. Kb3 Q6a4# 0-1

[Event "Ostsjaellands EMT 2006"]
[Site "Faxe"]
[Date "2006.05.03"]
[Round "7"]
[White "Hansen, Arne Mandrup"]
[Black "Eckert, Svend"]
[Result "0-1"]
[WhiteElo "1371"]
[BlackElo "1568"]
[PlyCount "120"]
[EventDate "2006.??.??"]

1. d4 Nf6 2. Bf4 d6 3. e3 g6 4. c4 Bg7 5. Nf3 O-O 6. Nc3 Nbd7 7. h3 Re8 8. Be2
b6 9. b4 Bb7 10. Rb1 c5 11. bxc5 dxc5 12. O-O Rc8 13. d5 Nh5 14. Qd3 Nxf4 15.
exf4 Nf6 16. h4 Nh5 17. g3 e6 18. Ng5 Bxc3 19. Qxc3 Ng7 20. Bg4 f5 21. Bf3 h6
22. Nxe6 Nxe6 23. dxe6 Bxf3 24. Qxf3 Rxe6 25. Rbd1 Qe7 26. Qd5 Re8 27. Rfe1 Kf8
28. Rxe6 Qxe6 29. Qd6+ Qxd6 30. Rxd6 Kf7 31. h5 gxh5 32. Rxh6 Kg7 33. Rxh5 Kg6
34. Rg5+ Kf6 35. Kf1 Re4 36. Rg8 Rxc4 37. Rf8+ Kg6 38. Rc8 Ra4 39. Rc6+ Kf7 40.
Rc7+ Ke6 41. Rc6+ Kd5 42. Rf6 Ke4 43. Kg2 Rxa2 44. Re6+ Kd3 45. Rf6 c4 46. Rxf5
c3 47. Rd5+ Ke4 48. Re5+ Kd4 49. Re1 c2 50. Rc1 Kd3 51. f5 b5 52. f6 Ra6 53. f7
Rf6 54. f4 Rxf7 55. Kf3 b4 56. Kf2 b3 57. Ra1 b2 58. Ra3+ Kd2 59. Re3 b1=Q 60.
Re2+ Kc1 0-1

[Event "Ostsjaellands EMT 2006"]
[Site "Faxe"]
[Date "2006.05.03"]
[Round "7"]
[White "Eriksen, Keld"]
[Black "Christoffersen, Per"]
[Result "1-0"]
[WhiteElo "1742"]
[BlackElo "1511"]
[PlyCount "109"]
[EventDate "2006.??.??"]

1. e4 e6 2. d4 d5 3. Nc3 Bb4 4. Bd2 dxe4 5. Qg4 Nf6 6. Qxg7 Rg8 7. Qh6 Qxd4 8.
O-O-O Qxf2 9. Nh3 Qf5 10. Bb5+ Bd7 11. Rhf1 Rg6 12. Qh4 Qg4 13. Qe1 e5 14. Rxf6
Rxf6 15. Nd5 Bxd2+ 16. Qxd2 Rg6 17. Nxc7+ Kf8 18. Nxa8 Bxb5 19. Qb4+ Kg7 20.
Qxb5 Qe6 21. Nc7 Qf5 22. Rf1 a6 23. Rxf5 axb5 24. Rxe5 Rxg2 25. Rxe4 Rxh2 26.
Rh4 Nc6 27. Nxb5 Ne5 28. Nc3 b5 29. b4 Nc4 30. Rg4+ Kf6 31. Rg3 Ke5 32. Nxb5
Rh1+ 33. Ng1 f5 34. Kd1 f4 35. Rg8 f3 36. Ke1 Kf4 37. Rf8+ Ke4 38. Nc3+ Kd4 39.
Rxf3 Rxg1+ 40. Kf2 Rg8 41. Ne2+ Ke5 42. a4 h5 43. a5 Nd2 44. Re3+ Kf6 45. Ng3
h4 46. Nf1 Nc4 47. Rf3+ Ke5 48. Nh2 Nd2 49. Rh3 Ne4+ 50. Kf1 Rf8+ 51. Ke1 Rf2
52. Ng4+ Kf4 53. Nxf2 Nxf2 54. Kxf2 Kg4 55. Rxh4+ 1-0